000 00450ntaaa2200181 4500
003 01
005 20251027200905.0
008 0714s1973 ag 01
040 _aAR-BaBN
_bspa
_cAR-BaBN
_eaacr
_dRIC
082 _a227.1 W17r
100 _aWalton, A. J.
_95507
245 _aRomanos libro de poder /
_cA. J. Walton
250 _a1 ed.
260 _aMéxico :
_bCUP,
_c1973
300 _a98 p
650 _aBiblia-Nuevo Testamento-Romanos
942 _cBK
999 _c2912
_d2912